La formación psicosocial en las organizaciones
Saved in:
| Main Author: | |
|---|---|
| Format: | Book |
| Language: | Spanish |
| Published: |
Buenos Aires
Paidos
1974
|
| Series: | Biblioteca del hombre contemporáneo, 246
|
| Subjects: | |
| Tags: |
Add Tag
No Tags, Be the first to tag this record!
|
MARC
| LEADER | 00000nam a2200000 a 4500 | ||
|---|---|---|---|
| 001 | UCW6942 | ||
| 003 | CL-VaPUC | ||
| 008 | 920720e19740000AG |||||||||||||||||spa|d | ||
| 082 | 0 | 4 | |a 302 |b GOG |2 21 |
| 100 | 0 | |a Goguelin, P |e author |9 312028 | |
| 245 | 1 | 3 | |a La formación psicosocial en las organizaciones |
| 300 | |a 221 p | ||
| 942 | |c BK | ||
| 945 | |d 19920720 00:00:00 | ||
| 260 | |a Buenos Aires |b Paidos |c 1974 | ||
| 650 | 0 | |a Psicología social |9 222894 | |
| 583 | |a last modification |c 19920720 00:00:00 |k Rodrigo Vera | ||
| 490 | 0 | |a Biblioteca del hombre contemporáneo, 246 | |
| 999 | |c 219839 |d 219837 | ||
| 952 | |0 0 |1 0 |4 0 |6 302_000000000000000_GOG_1974 |7 0 |8 P |9 211228 |a BIBEDU |b BIBEDU |c BIBEDU_PB |d 2019-11-15 |i 2794802 |o 302 GOG 1974 |p 2794802 |r 2024-01-25 |w 2019-11-15 |y BK |k EDU | ||